New labour: new pathways to Parliament (Record no. 48121)

000 -LEADER
fixed length control field 01297pab a2200193 454500
008 - FIXED-LENGTH DATA ELEMENTS--GENERAL INFORMATION
fixed length control field 180718b2001 xxu||||| |||| 00| 0 eng d
100 ## - MAIN ENTRY--PERSONAL NAME
Personal name Shaw, Eric
245 ## - TITLE STATEMENT
Title New labour: new pathways to Parliament
260 ## - PUBLICATION, DISTRIBUTION, ETC.
Date of publication, distribution, etc. 2001
300 ## - PHYSICAL DESCRIPTION
Extent p.35-53
362 ## - DATES OF PUBLICATION AND/OR SEQUENTIAL DESIGNATION
Dates of publication and/or sequential designation Jan
520 ## - SUMMARY, ETC.
Summary, etc. This article explores the effects of the new system of candidates selection, introduced by the Labour Party, employed for the recruitment of candidates to the new devolved authorities in Scotland, Wales and London, for the choice of their leaders, for the European Parliament and for Westminster. It discusses the operation of the system and the extent to which it has achieved its aims of a more representative and improved calibre of candidates. The key new instrument being used is the panel of approved candidates, a list vetted by centrally-appointed boards from which constituencies must draw their preferred nominees. This has brought accusations of political screening which the article assesses before reaching some conclusions about the impact of the new rules on the flow of Labour candidates and the character of the party. - Reproduced
650 ## - SUBJECT ADDED ENTRY--TOPICAL TERM
Topical term or geographic name entry element Labour party
650 ## - SUBJECT ADDED ENTRY--TOPICAL TERM
Topical term or geographic name entry element Great Britain. Parliament
650 ## - SUBJECT ADDED ENTRY--TOPICAL TERM
Topical term or geographic name entry element
650 ## - SUBJECT ADDED ENTRY--TOPICAL TERM
Topical term or geographic name entry element Parliament
773 ## - HOST ITEM ENTRY
Main entry heading Parliamentary Affairs
909 ## -
-- 48121
Holdings
Withdrawn status Lost status Damaged status Not for loan Permanent Location Current Location Date acquired Serial Enumeration / chronology Barcode Date last seen Price effective from Koha item type
        Indian Institute of Public Administration Indian Institute of Public Administration 2018-07-19 Volume no: 54, Issue no: 1 AR48549 2018-07-19 2018-07-19 Articles

Powered by Koha